| 000 | 00694nam a2200205 i 4500 | ||
|---|---|---|---|
| 001 | 170160 | ||
| 003 | ES-MaACL | ||
| 005 | 20230906214315.0 | ||
| 008 | 090206s1931 fr |||| | fre d | ||
| 080 | _a821.133.1-34"18" | ||
| 100 | 0 |
_aLouys, Pierre. _9139378 |
|
| 245 | 1 | 0 |
_aContes choisis / _cPierre Louÿs ; 50 bois originaux de Jean Lebedeff. |
| 260 |
_aParis : _bArthème Fayard et Cie, _c1931. |
||
| 300 |
_a124, [2] p. : _bil. ; _c24 cm. |
||
| 490 | 1 |
_aLe livre de demain ; _v78 |
|
| 700 | 1 |
_aLebedeff, Jean. _9139379 |
|
| 830 | 0 |
_aLe livre de demain ; _v78 _9183404 |
|
| 852 | 4 |
_aES-MaACL _jE-12424 _9R.140610 _z. - Biblioteca Jacinto Martínez Lacalle |
|
| 999 |
_c170160 _d170160 |
||